| 000 | 00762nam a2200265 a 4500 | ||
|---|---|---|---|
| 008 | |||
| 020 | _a0030103533 (hbk.) | ||
| 049 | _aMAIN | ||
| 090 | 0 |
_a QH308.2 _bBIO |
|
| 245 | 0 | 0 |
_aBiology / _cEldra Pearl Solomon ... [et al.]. |
| 250 | _a4th ed. | ||
| 260 |
_aFort Worth : _bSaunders College Pub., _c1996. |
||
| 300 |
_axxxii, 1229, [38] p. : _bill. (some col.) ; _c29 cm. |
||
| 504 | _aIncludes bibliographical references. | ||
| 500 | _aIncludes index. | ||
| 650 | 0 | _aBiology. | |
| 700 | _aVillee , Claude. | ||
| 700 | 1 | _aBerg, Linda R. | |
| 700 | _aMartin, Diana W. | ||
| 907 |
_a.b1024427x _b16-11-15 _c14-05-07 |
||
| 003 | |||
| 005 | 20230120144457.0 | ||
| 040 | _cNUST | ||
| 942 |
_cBOOKS _k QH308.2 _mBIO |
||
| 999 |
_c97568 _d97568 |
||